| 000 | 01355nam a2200289 a 4500 | ||
|---|---|---|---|
| 001 | 000005381 | ||
| 003 | DO-SdBNP | ||
| 005 | 20220331074758.0 | ||
| 007 | ta | ||
| 008 | 090819s2002 dr r 001 0 spa d | ||
| 040 |
_aDO-SdBNP _bspa _cBPMSU |
||
| 082 | 4 |
_a346.72930134 _bR426L 2002 _222 |
|
| 110 | 2 | _aRepública Dominicana | |
| 240 | _aLeyes, decretos, etc. | ||
| 245 | 1 | 0 |
_aLey 24-97 : _bsobre violencia intrafamiliar / _cpresentación Yadira Henríquez de Sánchez Baret. |
| 250 | _a6a. ed. | ||
| 260 |
_aSanto Domingo : _bSecretaría de Estado de la Mujer, _c2002. |
||
| 300 |
_a53 p. ; _c22 cm. |
||
| 505 | _aLas agresiones sexuales 20 -- Otras agresiones sexuales 23 -- Atentados contra la personalidad y la dignidad de la persona 26 -- De los atentados a niños, niñas y adolescentes. Atentados a la filiación 30 -- Abandono y maltrato de niños, niños y adolescentes 32 -- Secuestro, traslado, ocultamiento de niños, niñas y adolescentes 26 -- Atentados al ejercicio de la autoridad del padre y la madre 35 -- Abandono de familia 40 | ||
| 590 | _aInventariado, 2022/VM | ||
| 650 | 4 | _aDerechos de la mujer | |
| 650 | 4 |
_aLey no. 24-97 _xViolencia conyugal _xLegislación _zRepública Dominicana |
|
| 651 | _a | ||
| 710 | 2 | _a Secretaría de Estado de la Mujer (República Dominicana) | |
| 910 | _aVMateo V. | ||
| 942 |
_2ddc _cBK |
||
| 999 |
_c14129 _d14129 |
||